Medieval town and their physical development (Record no. 394995)

MARC details
000 -LEADER
fixed length control field 00450 a2200169 4500
003 - CONTROL NUMBER IDENTIFIER
control field OSt
005 - DATE AND TIME OF LATEST TRANSACTION
control field 20251217154317.0
008 - FIXED-LENGTH DATA ELEMENTS--GENERAL INFORMATION
fixed length control field 251217b |||||||| |||| 00| 0 eng d
040 ## - CATALOGING SOURCE
Transcribing agency main
100 ## - MAIN ENTRY--PERSONAL NAME
Personal name McLennan, Rick
110 ## - MAIN ENTRY--CORPORATE NAME
Corporate name or jurisdiction name as entry element McLennan, Rick
245 ## - TITLE STATEMENT
Title Medieval town and their physical development
250 ## - EDITION STATEMENT
Edition statement Latest edition
260 ## - PUBLICATION, DISTRIBUTION, ETC.
Name of publisher, distributor, etc. state academic press
Date of publication, distribution, etc. 2024
264 ## - PRODUCTION, PUBLICATION, DISTRIBUTION, MANUFACTURE, AND COPYRIGHT NOTICE
Name of producer, publisher, distributor, manufacturer Larsen and Keller Education
Date of production, publication, distribution, manufacture, or copyright notice 2024
942 ## - ADDED ENTRY ELEMENTS (KOHA)
Koha item type Books
Source of classification or shelving scheme Dewey Decimal Classification

No items available.

© Designed and Maintained by Vivekananda Library, MDU Rohtak